Statistiche per All-Star Team Mondiali 2022

Clicka qui per fare il quiz!

Statistiche generali

  • Questo quiz è stato fatto 43 volte
  • Il punteggio medio è 9 su 11

Statistiche sulle risposte

RuoloNazioneCalciatore% Corretto
AttaccanteFranciaKylian Mbappé
100%
AttaccanteArgentinaLionel Messi
100%
PortiereArgentinaEmiliano Martinez
97%
CentrocampistaCroaziaLuka Modrić
95%
DifensoreMaroccoAchraf Hakimi
92%
AttaccanteFranciaOlivier Giroud
84%
DifensoreCroaziaJoško Gvardiol
73%
DifensoreFranciaTheo Hernandez
73%
CentrocampistaFranciaAntoine Griezmann
68%
CentrocampistaMaroccoSofyan Amrabat
65%
DifensoreArgentinaCristian Romero
54%

Distribuzione punteggi

Percentile per numero di risposta

Percentuale di utenti per punteggio

I tuoi punteggi nel tempo

Non hai fatto questo quiz